Advanced vehicle technology. (2nd edition) (Record no. 83732)
[ view plain ]
| 000 -LEADER | |
|---|---|
| fixed length control field | 01342nam a2200241 a 4500 |
| 008 - FIXED-LENGTH DATA ELEMENTS--GENERAL INFORMATION | |
| fixed length control field | 190711s2002 ||||||||||||||||| || u |
| 020 ## - INTERNATIONAL STANDARD BOOK NUMBER | |
| International Standard Book Number | 9780750651318 |
| 050 ## - LIBRARY OF CONGRESS CALL NUMBER | |
| Classification number | TL 250 Hei |
| 100 ## - MAIN ENTRY--PERSONAL NAME | |
| Personal name | Heisler, Heinz |
| 245 10 - TITLE STATEMENT | |
| Title | Advanced vehicle technology. (2nd edition) |
| Statement of responsibility, etc. | By Heinz Heisler |
| 250 ## - EDITION STATEMENT | |
| Edition statement | 2nd edition |
| 260 ## - PUBLICATION, DISTRIBUTION, ETC. | |
| Place of publication, distribution, etc. | Oxford |
| Name of publisher, distributor, etc. | Butterwoorth-Heinemann |
| Date of publication, distribution, etc. | 2002 |
| 300 ## - PHYSICAL DESCRIPTION | |
| Extent | ix, 654 pages : illustrations |
| 350 ## - | |
| -- | 50.52 |
| 500 ## - GENERAL NOTE | |
| General note | Includes index. |
| 650 #0 - SUBJECT ADDED ENTRY--TOPICAL TERM | |
| Topical term or geographic name entry element | AUTOMOBILES--DESIGN AND CONSTRUCTION |
| 995 ## - | |
| -- | MAIN LIBRARY OPEN ACCESS |
| -- | 749335 |
| -- | CBU-MAIN LIBRARY (Kitwe) |
| -- | 50.52 |
| -- | TL 250 Hei |
| -- | 2 |
| -- | AVAILABLE |
| -- | Jul 11, 2019 |
| -- | 749335 |
| -- | Main Library Open Access Collection |
| 995 ## - | |
| -- | MAIN LIBRARY OPEN ACCESS |
| -- | 749336 |
| -- | CBU-MAIN LIBRARY (Kitwe) |
| -- | 50.52 |
| -- | TL 250 Hei |
| -- | 3 |
| -- | AVAILABLE |
| -- | Jul 11, 2019 |
| -- | 749336 |
| -- | Main Library Open Access Collection |
| 995 ## - | |
| -- | MAIN LIBRARY OPEN ACCESS |
| -- | 749337 |
| -- | CBU-MAIN LIBRARY (Kitwe) |
| -- | 50.52 |
| -- | TL 250 Hei |
| -- | 4 |
| -- | AVAILABLE |
| -- | Jul 11, 2019 |
| -- | 749337 |
| -- | Main Library Open Access Collection |
| 995 ## - | |
| -- | SHORT LOAN BOOKS |
| -- | 750108 |
| -- | CBU-MAIN LIBRARY (Kitwe) |
| -- | 50.52 |
| -- | TL 250 Hei |
| -- | 5 |
| -- | AVAILABLE |
| -- | Nov 26, 2019 |
| -- | 750108 |
| -- | Short Loan Collection |
| 995 ## - | |
| -- | MAIN LIBRARY OPEN ACCESS |
| -- | 749334 |
| -- | CBU-MAIN LIBRARY (Kitwe) |
| -- | 50.52 |
| -- | TL 250 Hei |
| -- | 1 |
| -- | AVAILABLE |
| -- | Jul 11, 2019 |
| -- | 749334 |
| -- | Main Library Open Access Collection |
| 999 ## - | |
| -- | 83732 |
| -- | 83732 |
| Withdrawn status | Lost status | Source of classification or shelving scheme | Damaged status | Not for loan | Permanent Location | Current Location | Shelving location | Date acquired | Total Checkouts | Full call number | Barcode | Date last seen | Copy number | Price effective from | Koha item type | Date last checked out |
|---|---|---|---|---|---|---|---|---|---|---|---|---|---|---|---|---|
| CBU-MAIN LIBRARY, KITWE. | CBU-MAIN LIBRARY, KITWE. | 01/08/2024 | TL 250 Hei | 749335 | 01/08/2024 | 1 | 01/08/2024 | MONOGRAPH | ||||||||
| CBU-MAIN LIBRARY, KITWE. | CBU-MAIN LIBRARY, KITWE. | 01/08/2024 | TL 250 Hei | 749336 | 01/08/2024 | 2 | 01/08/2024 | MONOGRAPH | ||||||||
| CBU-MAIN LIBRARY, KITWE. | CBU-MAIN LIBRARY, KITWE. | 01/08/2024 | 1 | TL 250 Hei | 749337 | 05/05/2025 | 3 | 01/08/2024 | MONOGRAPH | 04/14/2025 | ||||||
| CBU-MAIN LIBRARY, KITWE. | CBU-MAIN LIBRARY, KITWE. | 01/08/2024 | TL 250 Hei | 750108 | 01/08/2024 | 4 | 01/08/2024 | SHORT LOAN COLLECTION | ||||||||
| CBU-MAIN LIBRARY, KITWE. | CBU-MAIN LIBRARY, KITWE. | 01/08/2024 | TL 250 Hei | 749334 | 01/08/2024 | 5 | 01/08/2024 | MONOGRAPH |